OECD principles of corporate governance 2004

Gespeichert in:
Bibliographische Detailangaben
Format: Buch
Sprache:Englisch
Veröffentlicht: Paris OECD 2004
Schlagworte:
Tags: Tag hinzufügen
Keine Tags, Fügen Sie das erste Tag hinzu!

MARC

LEADER 00000nam$a2200000$$$4500
001 0020859
005 20240314085859.9
020 |a 92-64-01597-3 
041 0 |a eng 
044 |a FR 
245 1 0 |a OECD principles of corporate governance  |b 2004 
264 1 |a Paris  |b OECD  |c 2004 
300 |a 66 s. 
610 2 0 |a správa podniku 
610 2 0 |a akcionári 
610 2 0 |a vlastníctvo 
610 2 0 |a investori 
610 2 0 |a OECD